Unta mukjizat
| Main Author: | |
|---|---|
| Format: | Book |
| Published: |
Kuala Lumpur :
Karya One ,
1996
|
| Series: | Binatang Syurga
|
| Subjects: |
MARC
| LEADER | 00000cam a2200000 7i4500 | ||
|---|---|---|---|
| 001 | 0000008086 | ||
| 002 | 000008824 | ||
| 005 | 20000330.0 | ||
| 020 | |a 983925524X | ||
| 090 | 0 | 0 | |a 297 |b WAN |
| 100 | 0 | |a Wan Mohd Azmin Wan Dolah | |
| 245 | 1 | 0 | |a Unta mukjizat |c Wan Mohd Azmin Wan Dollah |
| 260 | |a Kuala Lumpur : |b Karya One , |c 1996 | ||
| 300 | |a 25p. : |b ill. ; |c 32cm. | ||
| 490 | 0 | |a Binatang Syurga | |
| 650 | 0 | 0 | |a Islamic stories, Malay |
| 999 | |a 047318 |b BUKU |c PINJAMAN |e PERPUSTAKAAN KOMUNITI CAW KOTA DAMANSARA | ||